Statistics for USA Centric - Residents Born Out Of State

Click here to take the quiz!

General Stats

  • This quiz has been taken 80 times
  • The average score is 35 of 51

Answer Stats

StateImmigrants From% Correct
ARIZONACALIFORNIA
93%
HAWAIICALIFORNIA
93%
COLORADOCALIFORNIA
88%
ALASKACALIFORNIA
88%
CONNECTICUTNEW YORK
88%
FLORIDANEW YORK
86%
IDAHOCALIFORNIA
84%
CALIFORNIANEW YORK
84%
OREGONCALIFORNIA
83%
NEVADACALIFORNIA
83%
GEORGIAFLORIDA
81%
NEW JERSEYNEW YORK
81%
MASSASCHUSETTSNEW YORK
81%
NEW MEXICOTEXAS
81%
LOUISIANATEXAS
81%
ARKANSASTEXAS
81%
ALABAMAGEORGIA
78%
MONTANACALIFORNIA
77%
PENNSYLVANIANEW YORK
77%
INDIANAILLINOIS
75%
OKLAHOMATEXAS
75%
WASHINGTONCALIFORNIA
74%
DCMARYLAND
74%
TEXASCALIFORNIA
72%
MINNESOTAWISCONSIN
72%
MICHIGANOHIO
71%
SOUTH CAROLINANORTH CAROLINA
70%
MARYLANDPENNSYLVANIA
70%
DELAWAREPENNSYLVANIA
70%
IOWAILLINOIS
68%
MAINEMASSACHUSETTS
68%
UTAHCALIFORNIA
67%
MISSOURIILLINOIS
67%
VERMONTNEW YORK
65%
NORTH CAROLINANEW YORK
65%
NEW HAMPSHIREMASSACHUSETTS
64%
NEW YORKNEW JERSEY
64%
RHODE ISLANDMASSACHUSETTS
61%
KENTUCKYOHIO
61%
KANSASMISSOURI
59%
NORTH DAKOTAMINNESOTA
58%
VIRGINIANEW YORK
57%
WEST VIRGINIAVIRGINIA
55%
WISCONSINILLINOIS
54%
SOUTH DAKOTAMINNESOTA
54%
MISSISSIPPITENNESSEE
54%
ILLINOISMISSOURI
51%
WYOMINGCOLORADO
48%
NEBRASKAIOWA
41%
TENNESSEEILLINOIS
28%
OHIOWEST VIRGINIA
23%

Score Distribution

Percentile by Number Answered

Percent of People with Each Score

Your Score History

You have not taken this quiz